000 00671cam a22002413a 4500
001 75
003 PGUSA
005 20140828082943.0
008 930701s1993||||xxu|||||s|||||000 | eng d
040 _aPGUSA
_beng
042 _adc
050 4 _aTK
100 1 _aGoodwin, John E.
245 1 0 _aE-mail 101
_h[electronic resource] /
_cJohn E. Goodwin
260 _bProject Gutenberg,
_c1993
506 _aCopyrighted. Read the copyright notice inside this book for details.
516 _aElectronic text
653 _aElectronic mail systems
740 0 _aEmail 101
830 0 _aProject Gutenberg
_v75
856 4 0 _uhttp://www.gutenberg.org/ebooks/75
942 _cEB
999 _c229446
_d229446